• 首页
  • 本馆介绍
  • 公告通知
  • 最新文献
  • 馆藏检索
  • 电子资源
  • 读者导购
  • 参考咨询
  • 我的图书馆
  • 登录
  • 详细信息显示
  • 放入我的书架
  • 预约/预借图书
  • 作者相关作品
  • 分类相关作品
  • 丛书相关作品
  • 出版社相关作品

书目信息

  • 表格格式
  • 工作单格式
  • 卡片格式
题名:
我生活的故事
    
 
作者: 海伦·凯勒 , 凯勒 , Keller 著 ;朱原 译
分册:  
出版信息: 北京   广播出版社  1981
页数: 144页
开本: 19cm
丛书名:
单 册:
中图分类: I712.5
科图分类:
主题词: 自传体小说--美国--近代
电子资源:
ISBN:
000 00854nam0 2200289 45
001 0181003257
005 20060912090343.17
010    @dCNY0.55
091    @a10177.002
100    @a19950416d1981 em y0chiy0121 ea
101 1  @achi@ceng
102    @aCN@b110000
105    @af z 000aa
200 10 @a我生活的故事@Awo sheng huo de gu shi@e海伦·凯勒自传@f(美)海伦·凯勒著@F(Mei)Hai Lun·Kai Le Zhu@g朱原译
210    @a北京@c广播出版社@d1981
215    @a144页@c照片@d19cm
300    @a书名原文:The Story of my Life
510 1  @aThe Story of my Life@zeng
606    @a自传体小说@y美国@z近代
690    @aI712.5
701  0 @a海伦·凯勒@4著
701  1 @a凯勒@Akai le@bH.@4著
701 A1 @aKeller@bH.@4著
702  0 @a朱原@Azhu yuan@4译
801  0 @aCN@b上海图书馆@c20060912
801  2 @aCN@bNLC@c20060728
905    @f1@b83388@dI712.5@e41
    
    我生活的故事:海伦·凯勒自传/(美)海伦·凯勒著/朱原译.-北京:广播出版社,1981
    144页:照片;19cm
    书名原文:The Story of my Life
    
    ISBN :CNY0.55
    
●
相关链接 在E读中查询图书 在五车中查询图书 在当当中查询图书 在豆瓣中查询图书


正题名:我生活的故事     索取号:I712.5/41         预约/预借

序号 登录号 条形码 馆藏地/架位号 状态 备注
1 0083388   000127393   第二借阅区/ [索取号:I712.5/41] 在馆    
2 0428387   204283872   密集书库/ [索取号:I712.5/41] 在馆    
3 0474703   204747033   密集书库/ [索取号:I712.5/41] 在馆    
唐山师范学院图书馆 欢迎您!
大连网信软件有限公司© 版权所有